01827nam#a2200277 45000010014000000030004000140050017000180060019000350070015000540080041000690200018001100400018001281000039001462450070001852500019002552600013002742640048002873000022003353360026003573370026003835200982004098560051013919420008014429520080014509990019015309781456211448VST20250425090629.0m o d cr#un#---uucau130214s2013 MEX eng d a9781456211448 aVSTcVSTdVST1 aRafael Guízar Montúfareauthor10aDesarrollo organizacional. Principios y aplicaciones, 4th Edition afourth edition aMexico : 1aMexico :bMcGraw-Hill Interamericana,c2013 a1 online resource atextbtxt2rdacontent acomputerbc2rdamedia aEn el cambiante entorno en el que interactuamos a diario, las organizaciones deben ser cada vez más competitivas para poder adecuarse a las inciertas y dúctiles exigencias del consumidor. Es por ello que en esta nueva edición de Desarrollo organizacional, he optado por llevar a cabo una transformación total con respecto a la edición anterior, incorporando términos y teorías de actualidad, pero conservando a la vez los fundamentos clásicos que en el ámbito del desarrollo organizacional se han presentado, con la fi nalidad de que el lector pueda analizar desde sus principios básicos este apasionante campo aún no explorado en un sinfín de empresas de nuestro medio latinoamericano. Así pues, el propósito de este libro es presentar, de una manera clara y comprensible, un panorama eminentemente práctico del desarrollo organizacional, con la fi nalidad de que le sea posible al estudioso del tema administrar el cambio de una manera efectiva.40uhttps://resolver.vitalsource.com/9781456211448 cRAA 001040708MGHaBD-UINbBD-UINd2025-04-25l0r2025-04-25w2025-04-25yRAA c228985d228985